NOURISH (Record no. 230886)

MARC details
000 -LEADER
fixed length control field 00373pam a2200157 a 4500
020 ## - INTERNATIONAL STANDARD BOOK NUMBER
International Standard Book Number 978-184899-076-0
Terms of availability
041 ## - LANGUAGE CODE
Language code of original
082 ## - DEWEY DECIMAL CLASSIFICATION NUMBER
Classification number 641.5961
100 ## - MAIN ENTRY--PERSONAL NAME
Personal name CHRISTINE BAILEY
Relator term Author
245 ## - TITLE STATEMENT
Title NOURISH
Statement of responsibility, etc. CHRISTINE BAILEY
Medium Textual Documents
260 ## - PUBLICATION, DISTRIBUTION, ETC.
Place of publication, distribution, etc. London
Name of publisher, distributor, etc. DUNCAN BAIRD
300 ## - PHYSICAL DESCRIPTION
Extent 160
653 ## - INDEX TERM--UNCONTROLLED
Uncontrolled term FOOD PRODUCTION
700 ## - ADDED ENTRY--PERSONAL NAME
Relator term Co-Author
930 ## - EQUIVALENCE OR CROSS-REFERENCE-UNIFORM TITLE HEADING [LOCAL, CANADA]
Uniform title 3489
Holdings
Withdrawn status Lost status Damaged status Not for loan Collection Home library Current library Date acquired Source of acquisition Cost, normal purchase price Total Checkouts Full call number Barcode Date last seen Copy number Price effective from Koha item type
          Institute of Hotel Management & Catering Technology, Pune Institute of Hotel Management & Catering Technology, Pune 23/10/2018 Bharati Madhyavarti Grahak Bhandar Ltd,Pune 795.00   641.5961 HMP-D-6331 07/03/2023 3 07/03/2023 Book
          Institute of Hotel Management & Catering Technology, Pune Institute of Hotel Management & Catering Technology, Pune 23/10/2018 Bharati Madhyavarti Grahak Bhandar Ltd,Pune 795.00   641.5961 HMP-D-6330 07/03/2023 2 07/03/2023 Book
          Institute of Hotel Management & Catering Technology, Pune Institute of Hotel Management & Catering Technology, Pune 23/10/2018 Bharati Madhyavarti Grahak Bhandar Ltd,Pune 795.00   641.5961 HMP-D-6329 07/03/2023 1 07/03/2023 Book